000 01044cam a22002773a 4500
001 30827
003 PGUSA
005 20140828083651.0
008 100101s2010||||xxu|||||s|||||000 1 eng d
040 _aPGUSA
_beng
042 _adc
050 4 _aPR
100 1 _aLe Queux, William,
_d1864-1927
245 1 4 _aThe Count's Chauffeur
_h[electronic resource] /
_cWilliam Le Queux
260 _bProject Gutenberg,
_c2010
505 0 _aA move on the "Forty" -- A sentimental swindle -- The story of a secret -- A run with Rosalie -- The six new novels -- The gentleman from London -- The lady of the Great North Road -- The Red Rooster -- Concerning the other fellow -- The lady in a hurry -- The peril of Pierrette.
506 _aPublic domain in the USA.
516 _aElectronic text
653 _aShort stories
653 _aChauffeurs -- Fiction
653 _aCriminals -- Fiction
653 _aMystery and detective stories
830 0 _aProject Gutenberg
_v30827
856 4 0 _uhttp://www.gutenberg.org/ebooks/30827
942 _cEB
999 _c260082
_d260082